00225nam a2200097Ia 4500008004100000100001400041245003000055260002500085300000800110650000900118191201s2019 xx 000 0 und d aNSE INDIA 0aCommodities Market Module aN. DelhibNSE (NCFM) a166 aNCFM